000 00208 a2200097 4500
001 628
100 _aInstitute of Physics
245 _aNoise in electronics Devices
260 _a
_bIOP
_c
090 _c229
_d229
942 _aNUST-CAE
_cM
_c14335
999 _c235701
_d235701